[Event "Rostov"]
[Site "Rostov"]
[Date "1993.??.??"]
[Round "?"]
[White "Dolmatov, Sergey"]
[Black "Tukmakov, Vladimir B"]
[Result "1/2-1/2"]
[WhiteElo "2615"]
[BlackElo "2605"]

1.e4 c5 2.Nf3 d6 3.d4 cxd4 4.Nxd4 Nf6 5.Nc3 Nc6 6.Bg5 e6 7.Qd2 a6 8.O-O-O h6
9.Be3 Be7 10.f3 Nxd4 11.Bxd4 b5 12.Kb1 Bb7 13.g4 Qc7 14.Qf2 b4 15.Na4 e5
16.Be3 d5 17.Nb6 dxe4 18.Nxa8 Bxa8 19.Bg2 O-O 20.h4 Qc6 21.Rh3 Rc8 22.Qe2 Nd5
23.fxe4 Nxe3 24.Rxe3 Bxh4 25.Red3 Qb5 26.R3d2 Qxe2 27.Rxe2 Bg5 28.Ree1 Bh4
29.Re3 Bc6 30.Bf1 Bg5 31.Ree1 a5 32.Bc4 Rc7 33.Bd5 Bd7 34.Rg1 Kf8 35.Rd3 Be7
36.Rf3 f6 37.c3 Bc5 38.Rg2 Ke7 39.Rfg3 Ba4 40.Rh2 Bd6 41.Rh1 Bd7 42.Rc1 Ra7
43.Kc2 Ra6 44.Kd3 Rb6 45.Rg2 Rb8 46.Ke3 Bc5+ 47.Kf3 Bd6 48.Bb3 Rb6 49.Rd2 Bc6
50.Rcd1 Be8 51.Bg8 bxc3 52.bxc3 h5 53.Rh1 hxg4+ 54.Kxg4 Bd7+ 55.Kf3 Rc6 56.c4 Be6
57.Bxe6 Kxe6 58.Rc1 Bc5 59.Rd8 f5 60.Re8+ Kf6 61.exf5 Kxf5 62.Re1 Bd6 63.Re4 a4
64.Rg8 g5 65.Rg7 Bc5 66.Rf7+ Ke6 67.Rg7 Kf5  1/2-1/2

[Event "Sala op"]
[Site "Sala"]
[Date "1993.??.??"]
[Round "10"]
[White "Varavin, Viktor"]
[Black "Banas, Jan"]
[Result "1/2-1/2"]
[WhiteElo "2460"]
[BlackElo "2370"]

1.e4 c5 2.Nf3 d6 3.d4 cxd4 4.Nxd4 Nf6 5.Nc3 Nc6 6.Bg5 e6 7.Qd2 a6 8.O-O-O Bd7
9.f4 h6 10.Bh4 g5 11.fxg5 Ng4 12.Be2 Nge5 13.Nf3 Be7 14.Qe3 Nxf3 15.Qxf3 hxg5
16.Bg3 Qc7 17.Qf2 Ne5 18.Kb1 b5 19.Rdf1 Qa7 20.Qe1  1/2-1/2

[Event "San Sebastian op"]
[Site "San Sebastian"]
[Date "1993.??.??"]
[Round "?"]
[White "De la Villa Garcia, Jesus Maria"]
[Black "Huzman, Alexander"]
[Result "1/2-1/2"]
[WhiteElo "2440"]
[BlackElo "2510"]

1.e4 c5 2.Nf3 d6 3.d4 cxd4 4.Nxd4 Nf6 5.Nc3 Nc6 6.Bg5 e6 7.Qd2 a6 8.O-O-O h6
9.Bf4 Bd7 10.Nxc6 Bxc6 11.f3 d5 12.Qe1 Bb4 13.a3 Ba5 14.Bd2 d4 15.e5 Qc7
16.Nb1 Ba4 17.b3 Bxb3 18.Bd3 Bxd2+ 19.Kxd2 Bxc2 20.Bxc2 Nd7 21.Rc1 Nc5 22.Ke2 d3+
23.Bxd3 Qxe5+ 24.Be4 Nxe4 25.fxe4 Qxe4+ 26.Kf2 Qf4+ 27.Ke2 Qe4+ 28.Kf2 Qf4+
29.Kg1 O-O 30.g3 Qf5 31.Qf2 Qd5 32.Rc5 Qd3 33.Kg2 Rac8 34.Rhc1 Rxc5 35.Qxc5 Rd8
36.Qf2 b5 37.Rc7 Qd5+ 38.Qf3 Qxf3+ 39.Kxf3 Rd1 40.Nc3 Ra1 41.Ke4 Rxa3 42.Kd4 b4
43.Ne4 Ra2 44.h4 a5 45.Rb7 Rb2 46.Kc4 Rc2+ 47.Kd4 Rg2 48.Rb5 Kh7  1/2-1/2

[Event "Silvaplana (Women)"]
[Site "Silvaplana"]
[Date "1993.??.??"]
[Round "?"]
[White "Grinfeld, Alla B"]
[Black "Ramseier, Jana S"]
[Result "1-0"]
[WhiteElo "2245"]
[BlackElo "2140"]

1.e4 c5 2.Nf3 Nc6 3.d4 cxd4 4.Nxd4 Nf6 5.Nc3 d6 6.Bg5 e6 7.Qd2 a6 8.O-O-O h6
9.Bf4 Bd7 10.Nxc6 Bxc6 11.f3 e5 12.Be3 b5 13.Kb1 Be7 14.g4 Qb8 15.h4 b4 16.Nd5 Bxd5
17.exd5 Qb7 18.Bh3 a5 19.g5 Ng8 20.f4 f6 21.Qd3 Bf8 22.fxe5 fxe5 23.Be6 Ne7
24.Rhf1 a4 25.Rf7 Qa6 26.Qd2 Qb5 27.Rdf1 b3 28.cxb3 axb3 29.a3 Qc4 30.Qf2 Qc2+
31.Qxc2 bxc2+ 32.Kxc2 Ra4 33.h5 Rh4 34.R7f2 Re4 35.Kd3 Ra4 36.Rc1 Ra8 37.Rc4 Ra5
38.Ke4 Rb5 39.b4 Kd8 40.g6 Rb8 41.a4  1-0

[Event "SLO-chT"]
[Site "?"]
[Date "1993.??.??"]
[Round "?"]
[White "Drinovec, Ales"]
[Black "Kecic, Stevan"]
[Result "1/2-1/2"]
[WhiteElo "2165"]
[BlackElo "2255"]

1.e4 c5 2.Nf3 Nc6 3.d4 cxd4 4.Nxd4 Nf6 5.Nc3 d6 6.Bg5 Nd7 7.Ndb5 Nb6 8.Be2 a6
9.Na3 h6 10.Be3 e6 11.Nc4 Nxc4 12.Bxc4 b5 13.Bb3 Be7 14.Ne2 Bb7 15.O-O Na5
16.Ng3 Nxb3 17.axb3 O-O 18.Qd2 Bf6 19.Bd4 e5 20.Be3 d5 21.exd5 Qxd5 22.Qxd5 Bxd5
23.Rfd1 Rfd8 24.Bb6 Rd7 25.c4 Be6 26.Rxd7 Bxd7 27.c5 Bc6 28.b4 g6 29.Rd1 Bg7
30.f3 f5 31.Ne2 Kf7 32.Nc3 Bf8 33.Nd5 Bxd5 34.Rxd5 Ke6 35.Rd1 Be7 36.Kf2 h5
37.Ke2 Rc8 38.Ra1 Ra8 39.Rd1 Rc8 40.Ra1 Ra8  1/2-1/2

[Event "SLO-chT"]
[Site "?"]
[Date "1993.??.??"]
[Round "?"]
[White "Kodric, Martin"]
[Black "Kostadinov, V."]
[Result "1/2-1/2"]
[WhiteElo "2255"]
[BlackElo "2150"]

1.e4 c5 2.Nf3 Nc6 3.d4 cxd4 4.Nxd4 Nf6 5.Nc3 d6 6.Bg5 Bd7 7.Qd2 Nxd4 8.Qxd4 Qa5
9.Bd2 Rc8 10.Nd5 Qc5 11.Nxf6+ gxf6 12.Qxc5 Rxc5 13.Bd3 Rg8 14.g3 f5 15.b4 Re5
16.f4 Re6 17.e5 Bc6 18.O-O dxe5 19.Bxf5 Rd6 20.Rad1 Bg7 21.Bc3 Rxd1 22.Rxd1 exf4
23.Bxg7 Rxg7 24.Kf2 Rg5 25.Bd3 fxg3+ 26.hxg3 Rh5 27.Ke3 f6 28.Rb1 Rh3 29.Rg1 b6
30.a4 Bxa4 31.b5 Rh2 32.Rc1 e5 33.c4 Bb3 34.Rc3 Bd1 35.Ra3 Rg2 36.Rxa7 Rxg3+
37.Kd2 Bf3 38.Rxh7 e4 39.Bf1 f5 40.c5 bxc5 41.b6 e3+ 42.Ke1 e2 43.Bxe2 Bxe2
44.Kxe2 Rb3 45.b7 Kd8 46.Rf7 f4 47.Kd2 f3 48.Kc2 Rb4 49.Kc3 Ke8 50.Rxf3 Rxb7  1/2-1/2

[Event "Sochi"]
[Site "Sochi"]
[Date "1993.??.??"]
[Round "?"]
[White "Aseev, Konstantin N"]
[Black "Shmuter, Leonid"]
[Result "0-1"]
[WhiteElo "2490"]
[BlackElo "2455"]

1.e4 c5 2.Nf3 d6 3.d4 cxd4 4.Nxd4 Nf6 5.Nc3 Nc6 6.Bg5 e6 7.Qd2 a6 8.O-O-O Bd7
9.f4 b5 10.Nxc6 Bxc6 11.Bd3 b4 12.Ne2 Qb6 13.Bxf6 gxf6 14.Kb1 h5 15.Rhf1 h4
16.f5 e5 17.Ng1 Bh6 18.Qe1 Ke7 19.Nf3 Bf4 20.Rh1 Be3 21.Qe2 a5 22.Rhe1 Bf4
23.Bc4 Qc5 24.Qd3 Rac8 25.Re2 a4 26.b3 Ra8 27.g3 hxg3 28.hxg3 Bxg3 29.Ng5 Bf4
30.Nxf7 Rh7 31.Rg2 Qd4 32.Qf1 Qxe4 33.Nxd6 Qxg2 34.Qd3 e4 35.Qd4 Rh1 36.Nc8+ Rxc8
37.Qa7+ Rc7  0-1

[Event "Sochi"]
[Site "Sochi"]
[Date "1993.??.??"]
[Round "?"]
[White "Berelovich, Aleksandar"]
[Black "Shmuter, Leonid"]
[Result "1/2-1/2"]
[WhiteElo "2510"]
[BlackElo "2455"]

1.e4 c5 2.Nf3 d6 3.d4 cxd4 4.Nxd4 Nf6 5.Nc3 Nc6 6.Bg5 e6 7.Qd2 a6 8.O-O-O Bd7
9.f4 b5 10.Bxf6 gxf6 11.Nxc6 Bxc6 12.Bd3 b4 13.Ne2 Qb6 14.Kb1 h5 15.Rhf1 O-O-O
16.c3 d5 17.cxb4 Bxb4 18.Qc2 Kb8 19.e5 d4 20.exf6 Rc8 21.Nc1 Bf3 22.Qa4 Bxd1
23.Rxd1 a5 24.a3 Bd6 25.Nb3 Bxf4 26.Nxa5 Rc5 27.Nb3 Rd5 28.Be4 Qb5 29.Rxd4 Qxa4
30.Rxa4 Rdd8 31.Nd4 Kc7 32.Ra7+ Kd6 33.Nf3 Rd7 34.Ra6+ Kc7 35.g3 Be3 36.Ne5 Rd1+
37.Ka2 Rh6 38.Rc6+ Kb8 39.Nxf7 Rxf6 40.Nd6 Rc1 41.Ra6 Ba7 42.Ra4 Rf2 43.Rb4+ Kc7
44.Nb5+ Kb8 45.Nd4+ Kc8 46.Nxe6 Rxh2 47.Bf5 Bf2 48.Rb3 Kd7 49.Rd3+ Ke7 50.Nf4 Rg1
51.Ne2 Re1 52.Nc3 Re5 53.g4 h4 54.Ne4 h3 55.Nxf2 Rxf2 56.Rxh3 Rb5 57.Rb3 Rxb3
58.Kxb3 Kd6 59.Kc3 Kd5 60.a4 Rf4 61.a5 Kc5 62.a6 Kb6 63.Bc8 Rf8 64.Be6 Re8
65.Bd5 Kxa6 66.Kd4 Kb5 67.g5 Re1 68.g6 Rg1  1/2-1/2

[Event "Sochi"]
[Site "Sochi"]
[Date "1993.??.??"]
[Round "?"]
[White "Petrushin, Alexander I"]
[Black "Ryskin, Alexander"]
[Result "1/2-1/2"]
[WhiteElo "2410"]
[BlackElo "2515"]

1.e4 c5 2.Nf3 d6 3.d4 cxd4 4.Nxd4 Nf6 5.Nc3 Nc6 6.Bg5 e6 7.Qd2 a6 8.O-O-O Bd7
9.f4 h6 10.Bh4 g5 11.fxg5 Ng4 12.Be2 Nge5 13.Nf3 Be7 14.Kb1 hxg5 15.Bg3 b5
16.Qe3 Qa5 17.h3 b4 18.Nd5 exd5 19.exd5 b3 20.Qxb3 Rb8 21.dxc6 Nxc6 22.Qc4 Qa3
23.b3 Nb4 24.Qc3 Bf6 25.Nd4 Qxa2+ 26.Kc1 Nxc2 27.Rd2 Nxd4 28.Qe3+ Be6 29.Rxa2 O-O
30.Bd3 Rfc8+ 31.Kd1 Bxb3+ 32.Ke1 Re8 33.Re2 Rxe3 34.Rxe3 Be6 35.Bxd6 Rb2
36.Rf1 Bd8 37.Rf2 Ba5+ 38.Kf1 Rb3 39.Bc5 Nb5 40.Rg3 Bd8 41.Re3 Bc7 42.Bc2 Rc3
43.Rxc3 Nxc3 44.Bd3 Be5 45.Rd2 a5 46.Bc2 a4 47.Bd4 Bxd4 48.Rxd4 a3 49.Rd8+ Kg7
50.Ra8 a2 51.Ra5 Kf6 52.Kf2 Ke7 53.Ke1 Kd6 54.Kd2 Nb5 55.Bd3 Nd4 56.Kc3 Nc6
57.Ra3 Kc5 58.Bf1 Ne7 59.Kb2 Kd4 60.Rg3 Nf5 61.Rg4+ Ke3 62.Rxg5 Nd4 63.Ra5 Kd2
64.h4 Nc2 65.Rxa2 Bxa2 66.Kxa2 Ne3 67.h5  1/2-1/2

[Event "Sochi"]
[Site "Sochi"]
[Date "1993.??.??"]
[Round "?"]
[White "Petrushin, Alexander I"]
[Black "Shmuter, Leonid"]
[Result "1-0"]
[WhiteElo "2410"]
[BlackElo "2455"]

1.e4 c5 2.Nf3 d6 3.d4 cxd4 4.Nxd4 Nf6 5.Nc3 Nc6 6.Bg5 e6 7.Qd2 Be7 8.O-O-O O-O
9.Nb3 Qb6 10.f3 Rd8 11.Nb5 Rd7 12.Be3 Qd8 13.N5d4 e5 14.Nf5 d5 15.Nxe7+ Qxe7
16.Bc5 Qe6 17.exd5 Rxd5 18.Bd3 b6 19.Ba3 a5 20.Qc3 a4 21.Nd2 Rd4 22.Bf5 Qe8
23.Be4 Bb7 24.Qe3 Qe6 25.c3 Rc8 26.Kb1 Rd7 27.Qxb6 Rcd8 28.Bc2 Ba8 29.Qf2 Na5
30.Bxa4 Qf5+ 31.Bc2 Qf4 32.g3 Qh6 33.Qb6 Nc6 34.Nc4 Rxd1+ 35.Rxd1 Nd5 36.Qc5 Qe6
37.Ne3  1-0

[Event "St Petersburg op"]
[Site "St Petersburg"]
[Date "1993.??.??"]
[Round "?"]
[White "Petrushin, Alexander I"]
[Black "Savchenko, Stanislav"]
[Result "0-1"]
[WhiteElo "2410"]
[BlackElo "2530"]

1.e4 c5 2.Nf3 d6 3.d4 cxd4 4.Nxd4 Nf6 5.Nc3 Nc6 6.Bg5 e6 7.Qd2 a6 8.O-O-O Bd7
9.f4 h6 10.Bh4 g5 11.fxg5 Ng4 12.Be2 Nge5 13.Nf3 Be7 14.Kb1 hxg5 15.Bg3 b5
16.Qe3 Qa5 17.h4 b4 18.Nd5 b3 19.Qxb3 Rb8 20.Qc3 Qxc3 21.Nxc3 Nxf3 22.gxf3 Ne5
23.Bxe5 dxe5 24.Bxa6 Ba3 25.b3 Ke7 26.Ne2 Bc6 27.Nc1 f5 28.Nd3 Kf6 29.Bc4 Rxh4
30.Rhe1 Re8 31.Re3 Re7 32.b4 fxe4 33.fxe4 Bxe4 34.Rf1+ Bf5 35.Nxe5 Bxb4 36.Bxe6 Rxe6
37.Ng4+ Kg6 38.Rxe6+ Bxe6 39.Rf6+ Kg7 40.Rxe6 Rh3 41.a4 Bc3 42.Ka2 Rg3 43.Re4 Kg6
44.Rc4 Bd2 45.Ne5+ Kf5 46.Nd3 g4 47.a5 Re3 48.a6 g3 49.Rc5+ Kf6 50.Nf4 Re4
51.Nh5+ Kg6 52.Nxg3 Ra4+ 53.Kb3 Rxa6 54.Ne4 Be3 55.Re5 Rc6 56.c4 Bf4 57.Rd5 Re6
58.Nc3 Be3 59.Kb4 Bf2 60.Nb5 Be1+ 61.Ka4 Bf2 62.Nd6 Re2 63.Kb5 Kf6 64.Kc6 Ke6
65.Rh5 Re5 66.Rh6+ Ke7 67.Nc8+ Kf7 68.Kd7 Bc5 69.Nd6+ Kg7 70.Rh3 Kg6 71.Rg3+ Kh5
72.Rg8 Kh4 73.Rg7  0-1

[Event "St Petersburg op"]
[Site "St Petersburg"]
[Date "1993.??.??"]
[Round "?"]
[White "Svidler, Peter"]
[Black "Lerner, Konstantin Z"]
[Result "0-1"]
[WhiteElo "2495"]
[BlackElo "2530"]

1.e4 c5 2.Nf3 d6 3.d4 cxd4 4.Nxd4 Nf6 5.Nc3 Nc6 6.Bg5 e6 7.Qd2 a6 8.O-O-O h6
9.Bf4 Bd7 10.Nxc6 Bxc6 11.f3 d5 12.Qe1 Bb4 13.a3 Ba5 14.Bd2 d4 15.e5 Qc7
16.Nb5 Bxd2+ 17.Qxd2 Qxe5 18.Re1 Qb8 19.Nxd4 O-O 20.Nxc6 bxc6 21.Re3 Nd5
22.Rd3 a5 23.g3 Ra7 24.Be2 Rb7 25.c4 Nb6 26.Rb3 Na4 27.Rxb7 Qxb7 28.Bd1 Nc5
29.Kb1 Rb8 30.Rf1 Nd3 31.b3 Nc5 32.Qb2 Nxb3 33.Rf2 a4 34.Ka2 Qa7 35.Rg2 Qe3
36.Rc2 Qg1 37.Rd2 Qe3 38.Rc2 Qe1 39.Be2 c5  0-1

[Event "St Petersburg op"]
[Site "St Petersburg"]
[Date "1993.??.??"]
[Round "?"]
[White "Tseshkovsky, Vitaly"]
[Black "Shmuter, Leonid"]
[Result "1-0"]
[WhiteElo "2495"]
[BlackElo "2455"]

1.e4 c5 2.Nf3 Nc6 3.d4 cxd4 4.Nxd4 Nf6 5.Nc3 d6 6.Bg5 e6 7.Qd2 a6 8.O-O-O Bd7
9.f4 b5 10.Bxf6 gxf6 11.Nxc6 Bxc6 12.Bd3 b4 13.Ne2 Qb6 14.Kb1 h5 15.Qe1 d5
16.exd5 Bxd5 17.f5 Qa5 18.Nc1 O-O-O 19.Qe2 exf5 20.Bxf5+ Kc7 21.Be4 Be6 22.Rxd8 Kxd8
23.Qf2 f5 24.Qd4+ Ke7 25.Bxf5 Qxf5 26.Qxh8 Qd5 27.Rf1 Qxg2 28.Qf6+ Ke8 29.Rd1 Be7
30.Qh8+ Bf8 31.Qxh5 Qg4 32.Qxg4 Bxg4 33.Re1+ Kd7 34.Nd3 f6 35.Nxb4 f5 36.Nd3 Kd6  1-0

[Event "St Petersburg op"]
[Site "St Petersburg"]
[Date "1993.??.??"]
[Round "?"]
[White "Petrushin, Alexander I"]
[Black "Aseev, Konstantin N"]
[Result "0-1"]
[WhiteElo "2410"]
[BlackElo "2490"]

1.e4 c5 2.Nf3 d6 3.d4 cxd4 4.Nxd4 Nf6 5.Nc3 Nc6 6.Bg5 e6 7.Qd2 Be7 8.O-O-O Nxd4
9.Qxd4 O-O 10.Bc4 a6 11.f4 b5 12.Bb3 Qa5 13.e5 dxe5 14.fxe5 Nd5 15.Ne4 Bxg5+
16.Nxg5 Qb6 17.Bxd5 Qxd4 18.Rxd4 exd5 19.Re1 Be6 20.a4 Rfc8 21.b3 Bf5 22.Re2 Rc5
23.Rf4 Bg6 24.axb5 axb5 25.Nf3 Be4 26.Nd4 b4 27.Ref2 Ra7 28.g4 h6 29.h4 Rc8
30.g5 h5 31.e6 fxe6 32.Nxe6 Ra1+ 33.Kb2 Rh1 34.g6 Bxg6 35.Rf8+ Rxf8 36.Rxf8+ Kh7
37.Ng5+ Kh6 38.Rh8+ Bh7 39.Rxh7+ Kg6 40.Rh8 Rxh4 41.Nf3 Rf4 42.Ne5+ Kg5 43.Rg8 Re4
44.Nd3 g6 45.Kc1 h4 46.Rh8 Kf6 47.Nc5 Rg4 48.Rf8+ Ke7 49.Rf1 g5 50.Nd3 h3
51.Rh1 Rh4 52.Kd2 g4 53.Nf4 Kd6 54.Ke3 Rh8 55.Kf2 Rc8 56.Rc1 Ke5 57.Kg3 Kd4
58.Rd1+ Kc3 59.Ne2+ Kb2 60.Nd4 Re8 61.Rd2 Re3+ 62.Kh2 Kc1 63.Rd3 Rxd3 64.cxd3 Kd2
65.Nc6 Kc3 66.Ne7 d4 67.Nc6 Kxb3 68.Nxd4+ Kc3  0-1

[Event "St Petersburg op"]
[Site "St Petersburg"]
[Date "1993.??.??"]
[Round "?"]
[White "Kruppa, Yuri"]
[Black "Lerner, Konstantin Z"]
[Result "1/2-1/2"]
[WhiteElo "2485"]
[BlackElo "2530"]

1.e4 c5 2.Nf3 d6 3.d4 cxd4 4.Nxd4 Nf6 5.Nc3 Nc6 6.Bg5 e6 7.Qd2 a6 8.O-O-O h6
9.Be3 Qc7 10.f3 Rb8 11.g4 Ne5 12.Kb1 b5 13.Bd3 b4 14.Nce2 d5 15.g5 dxe4 16.gxf6 exd3
17.cxd3 gxf6 18.Ng3 Bb7 19.Nh5 Be7 20.Qg2 Kd7 21.Qh3 Bd5 22.Nb3 Rb5 23.Rc1 Qd8
24.Nf4 Ng6 25.Nxd5 Rxd5 26.d4 Bd6 27.Rc2 Ke7 28.Rhc1 h5 29.Rc6 a5 30.Qf1 Qd7
31.Qa6 Rb8 32.Nxa5 Kf8 33.Nc4 Bc7 34.Nb6 Bxb6 35.Rxb6 Rxb6 36.Qxb6 Rb5 37.Qc7 Qxc7
38.Rxc7 Nh4 39.f4 Nf5 40.Bd2 b3 41.a4 Rd5 42.a5 Rxd4 43.Kc1 Ra4 44.Bc3 Nd6
45.Kd1 Nb5 46.Rc8+ Ke7 47.Bd2 Kd6 48.h3 Kd5 49.Ke2 Ke4 50.Rb8 Nd4+ 51.Kf2 e5
52.Rb6 Ra2 53.Bc3 Kxf4 54.Rxf6+ Ke4 55.Ke1 Ke3 56.Bd2+ Kd3 57.Bc3 Nc2+ 58.Kf2 e4
59.Rxf7 e3+ 60.Kf3 Nd4+ 61.Bxd4 Kxd4 62.Rd7+ Kc4 63.Rc7+ Kd3 64.Rc3+ Kd2
65.Rxe3 Kc2 66.Re5 Kxb2 67.Rxh5 Ra4 68.Re5 Ka2 69.Re1 b2 70.Kg3 b1=Q 71.Rxb1 Kxb1
72.h4 Kc2 73.h5 Rc4 74.a6 Ra4 75.a7 Kd3 76.h6 Rxa7 77.Kf4 Kd4 78.Kf5  1/2-1/2

[Event "St Petersburg op"]
[Site "St Petersburg"]
[Date "1993.??.??"]
[Round "?"]
[White "Minasian, Artashes"]
[Black "Aseev, Konstantin N"]
[Result "1/2-1/2"]
[WhiteElo "2535"]
[BlackElo "2490"]

1.e4 c5 2.Nf3 d6 3.d4 cxd4 4.Nxd4 Nf6 5.Nc3 Nc6 6.Bg5 e6 7.Qd2 Be7 8.O-O-O Nxd4
9.Qxd4 O-O 10.f4 a6 11.Rd3 b5 12.Bxf6 Bxf6 13.Qxd6 Bb7 14.Qxd8 Bxd8 15.a3 Ba5
16.Re3 f5 17.Bd3 Rac8 18.Nb1 Rfd8 19.Rd1 g6 20.exf5 exf5 21.g3 Kf7 22.Nc3 Bb6
23.Ree1 Kf6 24.Kb1 Bd4 25.Ne2 Bf2 26.Rf1 Bc5 27.Nc3 Re8 28.Rde1 Bg2 29.Rxe8 Rxe8
30.Rd1 Bf3 31.Rf1 Bg2 32.Rd1 Bf3 33.Rf1 Bg2 34.Rd1 Bf3 35.Rf1 Bg2  1/2-1/2

[Event "Rilton Cup op9394"]
[Site "Stockholm"]
[Date "1993.??.??"]
[Round "6"]
[White "Andersson, Mats"]
[Black "Degerman, Lars"]
[Result "0-1"]
[WhiteElo "2325"]
[BlackElo "2460"]

1.e4 c5 2.Nf3 Nc6 3.d4 cxd4 4.Nxd4 Nf6 5.Nc3 d6 6.Bg5 e6 7.Qd2 Be7 8.O-O-O O-O
9.Nb3 Qb6 10.f3 Rd8 11.Kb1 a6 12.h4 Qc7 13.h5 d5 14.Bd3 d4 15.Ne2 e5 16.g4 h6
17.Bh4 Nh7 18.Bxe7 Nxe7 19.c3 Ng5 20.Rhf1 dxc3 21.Qxc3 Qxc3 22.Nxc3 b6 23.Bc4 Bb7
24.Bd5 Nxd5 25.Nxd5 Bxd5 26.exd5 Rd6 27.f4 exf4 28.Rxf4 Ne6 29.Rf5 Nc7 30.g5 hxg5
31.Rxg5 Rad8 32.Rdg1 Ne8 33.Nd4 Rxd5 34.Nf5 Rd1+ 35.Kc2 R8d2+ 36.Kc3 Rxg1
37.Rxg1 Rh2 38.Re1 Nf6 39.Rd1 Rxh5 40.Rd8+ Kh7 41.Nd6 Rc5+ 42.Kb3 Rc7 43.Ra8 Nd7
44.Ka3 Nc5 45.b4 Nb7 46.Nf5 a5 47.Ra6 axb4+ 48.Kxb4 Rc6 49.Ra7 Nd6 50.Nxd6 Rxd6
51.Rxf7 Kh6 52.a4 g5 53.Kb5 g4 54.Rf8 Rg6 55.Re8 Kg5  0-1

[Event "SWE-chT 9394"]
[Site "SWE"]
[Date "1993.??.??"]
[Round "3"]
[White "Hermansson, Emil"]
[Black "Jonsson, Hans"]
[Result "1/2-1/2"]
[WhiteElo "2240"]
[BlackElo "2340"]

1.e4 c5 2.Nf3 d6 3.d4 cxd4 4.Nxd4 Nf6 5.Nc3 Nc6 6.Bg5 e6 7.Qd2 a6 8.O-O-O h6
9.Be3 Be7 10.f4 Nxd4 11.Bxd4 b5 12.Qe3 Bb7 13.Kb1 b4 14.Na4 Nxe4 15.Bxg7 Rg8
16.Bd4 Qa5 17.Nb6 e5 18.Nc4 exd4 19.Qxe4 Qxa2+ 20.Kxa2 Bxe4 21.Nxd6+ Bxd6
22.Rxd4 Bxc2 23.Rxd6 Rg6 24.Rxg6 fxg6 25.Bc4 a5 26.Re1+ Kd7 27.Re2 Bf5 28.Kb3 Rc8
29.Bb5+ Kd6 30.Ka4  1/2-1/2

[Event "Szekszard op"]
[Site "Szekszard"]
[Date "1993.??.??"]
[Round "2"]
[White "Boros, Daniel"]
[Black "Berebora, Ferenc"]
[Result "0-1"]
[WhiteElo "2250"]
[BlackElo "2410"]

1.e4 c5 2.Nf3 Nc6 3.d4 cxd4 4.Nxd4 Nf6 5.Nc3 d6 6.Bg5 e6 7.Qd2 a6 8.O-O-O h6
9.Be3 Nxd4 10.Bxd4 b5 11.f3 Qa5 12.Kb1 b4 13.Bxf6 gxf6 14.Ne2 Rb8 15.Nd4 Qc5
16.g3 h5 17.f4 Bb7 18.Bg2 Rd8 19.Rhe1 Qb6 20.Qe2 Rd7 21.Nf3 Bg7 22.f5 e5
23.Nd2 Ke7 24.Nc4 Qb5 25.Ne3 Qxe2 26.Rxe2 h4 27.g4 h3 28.Bf3 Bh6 29.Nd5+ Bxd5
30.Rxd5 Rc7 31.Rd3 Bf4 32.Rd5 Rc5 33.Rd3 a5 34.Bh1 Rc4 35.Rf2 Kd7 36.b3 Rc5
37.Bf3 Rhc8 38.Bd1 Rc3 39.Rff3 Rxd3 40.Rxd3 Rh8 41.g5 fxg5 42.Bg4 f6 43.Rxh3 Rxh3
44.Bxh3 Kc6 45.c4 Kc5 46.a3 Kd4 47.axb4 axb4 48.Kc2 Kxe4  0-1

[Event "Szekszard op"]
[Site "Szekszard"]
[Date "1993.??.??"]
[Round "3"]
[White "Bauer, Tamas"]
[Black "Dobos, Jozsef"]
[Result "1-0"]
[WhiteElo "2335"]
[BlackElo "2340"]

1.e4 c5 2.Nf3 d6 3.d4 cxd4 4.Nxd4 Nf6 5.Nc3 Nc6 6.Bg5 e6 7.Qd2 a6 8.O-O-O h6
9.Bf4 Bd7 10.Nxc6 Bxc6 11.Qe1 Qc7 12.e5 d5 13.Kb1 Nd7 14.Bg3 Be7 15.f4 g6
16.Bd3 b5 17.Ne2 Nc5 18.Nd4 Qd7 19.Bh4 g5 20.Bg3 gxf4 21.Bxf4 O-O-O 22.Rf1 Bb7
23.Qe3 Bf8 24.Bg3 Qc7 25.Bh4 Rd7 26.Bf6 Rg8 27.Bh7 Rxg2 28.Qh3 Rg5 29.Bxg5 hxg5
30.Qg3 f5 31.Bg8 Re7 32.Qc3 Kd7 33.b4 Rg7 34.bxc5 Rxg8 35.Nb3 Rh8 36.h3 Rh4
37.Qe3 Be7 38.Rd4 f4 39.Qc3 Bc6 40.Rd3 Qa7 41.Rg1 a5 42.Qxa5 Qxa5 43.Nxa5 Bxc5
44.Rxg5 Be7 45.Rg7 Ba8 46.Nb3 Rh6 47.Nd4 b4 48.Rf7 Bb7 49.Rxf4  1-0

[Event "Szekszard op"]
[Site "Szekszard"]
[Date "1993.??.??"]
[Round "8"]
[White "Tolnai, Tibor"]
[Black "Gyorkos, Lajos"]
[Result "1/2-1/2"]
[WhiteElo "2500"]
[BlackElo "2435"]

1.e4 c5 2.Nf3 Nc6 3.d4 cxd4 4.Nxd4 Nf6 5.Nc3 d6 6.Bg5 Bd7 7.Bxf6 gxf6 8.Be2 e6
9.O-O Rg8 10.Kh1 a6 11.f4 Qb6 12.Nb3 Be7 13.a4 Na5 14.Nxa5 Qxa5 15.Qd3 Bc6
16.Bf3 Rg7 17.Ne2 Kf8 18.c3 Kg8 19.b4 Qc7 20.Nd4 Bd7 21.c4 Kh8 22.a5 Rgg8
23.Bh5 Be8 24.Rfc1 f5 25.exf5 e5 26.Ne2 Bf6 27.Nc3 exf4 28.Nd5 Bc6 29.Rab1 Rge8
30.Bf3 Bxd5 31.Qxd5 Re7 32.Re1 Rae8 33.Rxe7 Rxe7 34.h3 Kg7 35.Rd1 Bc3 36.Kh2 Re5
37.Qxb7  1/2-1/2

[Event "Timisoara zt-B (Women)"]
[Site "Timisoara"]
[Date "1993.??.??"]
[Round "1"]
[White "Kubikova, Hana"]
[Black "Zimmersmann, Rita"]
[Result "1/2-1/2"]
[WhiteElo "2290"]
[BlackElo "2255"]

1.e4 c5 2.Nf3 d6 3.d4 cxd4 4.Nxd4 Nf6 5.Nc3 Nc6 6.Bg5 e6 7.Qd2 a6 8.O-O-O Bd7
9.f4 b5 10.Bxf6 gxf6 11.Nxc6 Bxc6 12.Bd3 Qb6 13.f5 b4 14.Ne2 e5 15.Ng3 h5
16.Kb1 h4 17.Nf1 Bh6 18.Qe2 Ke7 19.Bc4 Bb5 20.Rd5 Rhc8 21.Bd3 Bc6 22.Bc4 Bxd5
23.Bxd5 Ra7 24.Qh5 Bg5 25.g3 h3 26.g4 Qf2 27.Qxf7+ Kd8 28.Qf8+ Kc7 29.Qe7+ Kb6
30.Qxd6+ Ka5 31.a3 Qxc2+ 32.Ka2 Rb7 33.Bb3 Qxe4 34.Ng3 Qd4 35.Rd1 Qxd6 36.Rxd6 bxa3
37.Kxa3 Rcb8 38.Bc4 Ra7 39.b4+ Rxb4 40.Rd5+ Rb5 41.Bxb5 axb5 42.Ne4 Bh4 43.Rd6 Ra6
44.Rd3 Kb6+ 45.Kb3 Ra4 46.Rxh3 Rxe4 47.Rxh4 Kc5 48.Rh6 Rxg4 49.Rxf6 Rf4 50.Rf8 Rf3+
51.Kc2 Rf2+  1/2-1/2

[Event "Timisoara zt-B (Women)"]
[Site "Timisoara"]
[Date "1993.??.??"]
[Round "5"]
[White "Velcheva, Maria"]
[Black "Zimmersmann, Rita"]
[Result "1-0"]
[WhiteElo "2150"]
[BlackElo "2255"]

1.e4 c5 2.Nf3 d6 3.d4 cxd4 4.Nxd4 Nf6 5.Nc3 Nc6 6.Bg5 e6 7.Qd2 a6 8.O-O-O Bd7
9.f4 b5 10.Bxf6 gxf6 11.Nf3 b4 12.Ne2 Be7 13.Kb1 Qb6 14.g3 a5 15.Bh3 a4 16.Nc1 Na5
17.b3 O-O 18.f5 e5 19.g4 Bc6 20.Rhe1 axb3 21.cxb3 Qb7 22.Qe3 d5 23.Nd2 Rfc8
24.Qh6 dxe4 25.g5 Bf8 26.Qh4 Bb5 27.gxf6 Rxc1+ 28.Rxc1 Bd3+ 29.Kb2 Nxb3 30.Rxe4 Qa6
31.Rg1+ Bg7 32.Rxg7+ Kf8 33.Rxf7+ Ke8 34.Rxe5+ Kd8 35.Rf8+ Kc7 36.Qxh7+  1-0

[Event "Timisoara zt-A (Women)"]
[Site "Timisoara"]
[Date "1993.??.??"]
[Round "8"]
[White "Bednarska, Malgorzata"]
[Black "Grabics, Monika"]
[Result "0-1"]
[WhiteElo "2180"]
[BlackElo "2185"]

1.e4 c5 2.Nf3 Nc6 3.d4 cxd4 4.Nxd4 Nf6 5.Nc3 d6 6.Bg5 e6 7.Qd2 a6 8.O-O-O h6
9.Bf4 Bd7 10.Nxc6 Bxc6 11.f3 d5 12.Qe1 Bb4 13.a3 Ba5 14.exd5 Nxd5 15.b4 Bb6
16.Nxd5 Bxd5 17.c4 O-O 18.cxd5 exd5 19.Be5 a5 20.b5 Re8 21.Qg3 Qc8+ 22.Kb2 g6
23.Rxd5 Be3 24.Bd3 Qe6 25.Bc4 Rac8 26.Rc5 Qf5 27.Rxc8 Rxc8 28.Rd1 Kh7 29.Bd3 Qe6
30.f4 a4 31.Bxg6+ Qxg6 32.Qxg6+ Kxg6 33.Rd3 Bg1 34.Rc3 Rd8 35.Kc2 Rd5 36.Rc4 Rxb5
37.Rxa4 h5 38.h3 Kf5 39.Rb4 Rc5+ 40.Kd3 b5 41.Rb3 f6 42.Bd4 Rd5 43.Rb4 Kxf4
44.Rb1 Bxd4 45.Rf1+ Kg3 46.Ke4 Rd8 47.Rf5 Be5 48.Rxh5 Rd4+ 49.Kf5 Rh4  0-1

[Event "Toulouse-ch"]
[Site "Toulouse"]
[Date "1993.??.??"]
[Round "6"]
[White "Kleinplatz, Sam"]
[Black "Touzane, Olivier"]
[Result "1/2-1/2"]
[WhiteElo "2355"]
[BlackElo "2200"]

1.e4 c5 2.Nf3 d6 3.d4 cxd4 4.Nxd4 Nf6 5.Nc3 Nc6 6.Bg5 e6 7.Qd2 a6 8.O-O-O h6
9.Bxf6 Qxf6 10.g3 Bd7 11.f4 Nxd4 12.Qxd4 Qxd4 13.Rxd4 Bc6 14.Bg2 g5 15.f5 Ke7
16.Rf1 Bg7 17.Rd3 Be5 18.Bh3 Rag8 19.fxe6 fxe6 20.Rdf3 Rg7 21.Bg2 g4 22.Re3 h5
23.Ne2 h4 24.Nf4 hxg3 25.hxg3 Rh2 26.Bh1 Bb5 27.Rd1 Bxf4 28.gxf4 g3 29.c4 Bxc4
30.Rc3 Bb5 31.Rc7+ Bd7 32.e5 d5 33.f5 exf5 34.Bxd5 Re2 35.Rxd7+ Kxd7 36.Bf3+ Ke6
37.Bxe2 Kxe5 38.Bf3 Kf4 39.Bg2 Rc7+ 40.Kb1 b5 41.Bh3 Kg5 42.Rd5 Rh7 43.Bxf5 Rh1+
44.Kc2 g2 45.Bc8+ Kf4 46.Rf5+ Ke4 47.Rg5 g1=Q 48.Rxg1 Rxg1 49.Bxa6 Rg5 50.Kc3 Rc5+
51.Kb4 Rc4+ 52.Kb3 Rc5 53.Kb4 Rc4+  1/2-1/2

[Event "EU-ch U18"]
[Site "Vejen"]
[Date "1993.??.??"]
[Round "9"]
[White "Bauer, Christian"]
[Black "Maiwald, Jens Uwe"]
[Result "0-1"]
[WhiteElo "2485"]
[BlackElo "2430"]

1.e4 c5 2.Nf3 d6 3.d4 cxd4 4.Nxd4 Nf6 5.Nc3 Nc6 6.Bg5 e6 7.Qd2 a6 8.O-O-O h6
9.Be3 Bd7 10.f4 Be7 11.Be2 b5 12.Bf3 Rc8 13.Nb3 Na5 14.Nxa5 Qxa5 15.Kb1 b4
16.Ne2 e5 17.Rhe1 O-O 18.Ng3 Be6 19.b3 Rc6 20.f5 Bd7 21.Nh5 Rfc8 22.Rc1 Ne8
23.Be2 Nc7 24.Bxh6 gxh6 25.Qxh6 Ne8 26.f6 Rxc2 27.Rxc2 Rxc2 28.Kxc2 Qxa2+
29.Kc1 Qa1+ 30.Kc2 Qc3+  0-1

[Event "Velden op"]
[Site "Velden"]
[Date "1993.??.??"]
[Round "2"]
[White "Tolnai, Tibor"]
[Black "Felsberger, Alfred"]
[Result "1-0"]
[WhiteElo "2500"]
[BlackElo "2350"]

1.e4 c5 2.Nf3 d6 3.d4 cxd4 4.Nxd4 Nf6 5.Nc3 Nc6 6.Bg5 e6 7.Qd3 a6 8.O-O-O Bd7
9.Be2 b5 10.Nxc6 Bxc6 11.Rhe1 Be7 12.Bxf6 Bxf6 13.Qxd6 Qxd6 14.Rxd6 Bxc3
15.bxc3 Bxe4 16.Bxb5+ axb5 17.Rxe4 Rxa2 18.Rb6 O-O 19.Rxb5 g6 20.c4 Ra4 21.Kb2 Rfa8
22.Kc3 R8a7 23.Rd4 Ra3+ 24.Rb3 R3a5 25.Rd8+ Kg7 26.Rc8 Rf5 27.f3 Raa5 28.Rcb8 Rae5
29.R3b5 Kf6 30.Rxe5 Rxe5 31.Rd8 g5 32.Rd2  1-0